000 00479nam a2200181Ia 4500
008 230711s9999||||xx |||||||||||||| ||und||
020 _a978-93-325-4985-2
041 _aENG
082 _a658.4
_bHE-M
100 _aHersy,Paul
245 0 _aManagement of organizational behavior
_bLeading human resources
250 _a10th Ed.
260 _c2015
_aNew Delhi
_bPearson
300 _a338p.
650 _aUNIVESITY BUSNIESS SCHOOL
700 _aBlanchard,Kenneth H
942 _cBK
999 _c5926
_d5926